Nelle aranciate amare e altri refrain /

সংরক্ষণ করুন:
গ্রন্থ-পঞ্জীর বিবরন
প্রধান লেখক: Severini, Gilberto (লেখক)
অন্যান্য লেখক: Scataglini, Franco
বিন্যাস: গ্রন্থ
ভাষা:ইতালিয়
প্রকাশিত: Ancona : Pequod, ©1997
ট্যাগগুলো: ট্যাগ যুক্ত করুন
কোনো ট্যাগ নেই, প্রথমজন হিসাবে ট্যাগ করুন!

MARC

LEADER 00000nam a22000007i 4500
001 IT\ICCU\LO1\0449736
003 ItRI
005 20250721110236.0
008 980203s1997 it |||||| ||||| |||||c
020 |a 8876632433 
040 |b ita  |c ct 
041 7 |a ita  |2 ISO-639-2 
082 |a 851.914  |2 19 
100 1 |a Severini, Gilberto  |0 IT\ICCU\CFIV\076135  |4 aut 
245 1 0 |a Nelle aranciate amare e altri refrain /  |c Gilberto Severini ; con una nota di Franco Scataglini. 
260 |a Ancona :  |b Pequod,  |c ©1997 
300 |a 88 p. ;  |c 22 cm. 
700 1 |a Scataglini, Franco  |0 IT\ICCU\CFIV\071940 
942 |2 ddc  |c BK 
952 |0 0  |1 0  |2 ddc  |4 0  |6 B_LPS01SEVGINEL11  |7 0  |9 9211  |a MI  |b MI  |d 2013-10-30  |i 5888  |l 0  |o B-LPS01-SEVGI-NEL11  |p CDOM5888  |r 2025-07-17 21:50:47  |w 2025-07-17  |y BK 
981 1 |6 z01  |a i   |b xxxe  
982 1 |6 z01  |a n 
999 |c 7677  |d 7677